000 00470nam a2200169Ia 4500
008 241217s9999||||xx |||||||||||||| ||und||
020 _a9780130822574
_c0
040 _beng
_cSSK Library
_erda
082 _a004 FUO.4
100 _a William M. Fuori & Louis V. Gioia -
245 0 _aComputers And Information Systems
250 _a4th ed
260 _b Prentice Hall
_c©1994
942 _2Dewey Decimal Classification
_cBOOK
_nNo
999 _c20535
_d20535
003 OSt
005 20241217112750.0